Music Quiz

Random Music or Billboard Quiz

Multiple US #1s In One Year Quiz Stats

Quiz Updated Jan 5, 2016

Challenge
Share
Tweet
Embed
Score 0/101 Timer 10:00
1 Play Today
Year Artist % Correct
64, 65, 66, 67, 68, 69, 70The Beatles
87.5%
83, 87, 88Michael Jackson
82.6%
90, 93Janet Jackson
79%
56, 57, 58, 60Elvis Presley
77.9%
85, 86, 87Madonna
70%
65The Rolling Stones
65.9%
75Elton John
54.7%
90, 91, 93, 95, 96, 05Mariah Carey
54%
03, 06Beyoncé
53.4%
14, 15Taylor Swift
52.9%
08, 10, 11, 12Rihanna
47.9%
86, 87, 88Whitney Houston
46.9%
10, 11Katy Perry
44.5%
09Lady Gaga
44.1%
10Eminem
40.2%
16Justin Bieber
37.9%
85, 87, 88George Michael/Wham!
37.8%
64, 65, 66, 67The Supremes
36.8%
87U2
35.6%
00Christina Aguilera
34.3%
78, 79Bee Gees
34.1%
06Justin Timberlake
33.7%
08T.I.
33.4%
84Prince
31.5%
01, 04Usher
30.9%
11Adele
28.9%
43, 44, 45Bing Crosby
28%
76Diana Ross
27.5%
98Celine Dion
27.3%
75, 77Eagles
27.1%
45Les Brown
26.6%
70The Jackson 5
26.3%
00, 01Destiny's Child
26.2%
17Ed Sheeran
25.6%
Year Artist % Correct
80Queen
25.3%
73, 77Stevie Wonder
25.1%
09The Black Eyed Peas
23.1%
85, 89Phil Collins
22.9%
13Macklemore & Ryan Lewis
22%
46Freddy Martin
21.7%
79Donna Summer
20.2%
94, 95Boyz II Men
19.8%
66, 67The Monkees
19.2%
89New Kids on the Block
18.7%
0350 Cent
17.8%
89, 91Paula Abdul
16.4%
41, 42Glenn Miller
15.3%
46Perry Como
15.3%
10Ke$ha
15.1%
95, 99TLC
15%
02Nelly
14.9%
97, 03Puff Daddy/P. Diddy/Diddy
14.8%
79Chic
14.4%
81, 82Daryl Hall & John Oates
13.9%
62The 4 Seasons
13.3%
81Blondie
13%
13Bruno Mars
13%
43Harry James
11.4%
00Santana
10.2%
07Fergie
9.8%
78Andy Gibb
9.1%
57Pat Boone
8.9%
74, 75John Denver
8.2%
89Milli Vanilli
8%
60Brenda Lee
7.9%
97The Notorious BIG
7.7%
15The Weeknd
7.7%
65Herman's Hermits
6.8%
Year Artist % Correct
04OutKast
6.8%
65The Byrds
6.7%
51Tony Bennett
6.7%
75KC & The Sunshine Band
6.7%
43Tommy Dorsey
6.7%
41Jimmy Dorsey
6.6%
85Tears for Fears
5.8%
45Andrews Sisters
5.3%
98Monica
5%
96Toni Braxton
5%
89Richard Marx
4.8%
60Connie Francis
4.7%
88Rick Astley
4.7%
89Roxette
4.3%
90Wilson Phillips
4.1%
59Frankie Avalon
3.8%
73Jim Croce
3.6%
01Shaggy
3.3%
64Bobby Vinton
3.1%
69The 5th Dimension
3.1%
89Fine Young Cannibals
3.1%
86Peter Cetera
2.5%
87Lisa Lisa and Cult Jam
2.1%
77Leo Sayer
1.7%
46Sammy Kaye
1.5%
46The Ink Spots
1.5%
49Frankie Laine
1.4%
58David Seville and the Chipmunks
1.2%
44Mills Brothers
1.2%
59The Fleetwoods
0.9%
46Frankie Carle
0.7%
43The Song Spinners
0.7%
50Gordon Jenkins
0.5%

You're not logged in!

Compare scores with friends on all Sporcle quizzes.
Join for Free
OR
Log In

You Might Also Like...

Show Comments

Extras

Top Quizzes Today


Score Distribution

Your Account Isn't Verified!

In order to create a playlist on Sporcle, you need to verify the email address you used during registration. Go to your Sporcle Settings to finish the process.

Report this User

Report this user for behavior that violates our Community Guidelines.

Details: